Ján Beňo: Letná fujavica

Podrobná bibliografia
Hlavný autor: Kopál, Ján, 1925-2000 (Autor)
Médium: Článok
Jazyk:slovenčina
Predmet:

MARC

LEADER 00000nab a2200000 a 4500
001 vtls000047086
003 SK-MaSNL
005 20260304074744.0
008 250423c1979 xo 0 slo
015 |a SNBRB19rr/mm-uuuuu 
035 |a CL0057182 
035 |a urn:nbn:sk:snk-abeim4 
035 |a (urnnbn)urn:nbn:sk:snk:ar-000epw 
035 |a (uuid)7f953c2f-d531-437c-8f02-248a2034f164 
040 |a SNKBUCL  |b slo  |c SNKBUCL  |e AACR2 
041 0 |a slo 
044 |a xo  |c SK 
080 |a 82.09:885.4-3(087.5)(048)  |2 1981 
080 |a 885.4-3(087.5)(048)  |2 1981 
100 1 |a Kopál, Ján,  |d 1925-2000  |4 aut  |9 102409 
245 1 0 |a Ján Beňo: Letná fujavica  |c Ján Kopál 
650 0 7 |a literatúra pre deti a mládež  |2 snkbucl  |9 21893 
650 0 7 |a slovenská próza  |2 snkbucl  |9 1206 
655 7 |a recenzie  |2 snkbucl  |9 21907 
655 7 |a články z novín a časopisov  |2 snkbucl  |9 267496 
655 7 |a články z odboru literárna veda a krásna literatúra  |2 snkbucl  |9 770045 
773 0 |t Slovenské pohľady  |g Roč. 95, č. 11 (1979), s. 128-129 
787 0 8 |i Rec.:  |a Beňo, Ján  |t Letná fujavica  |d Bratislava : Mladé letá, 1978 
850 |a Slovenská národná knižnica 
852 |a Slovenská národná knižnica 
954 |a odborná, vedecká literatúra pôvodná (slovenská)  |2 lita 
958 |a article27 
958 |a RK 
958 |a LX 
958 |a OND 
958 |a EUIPO 
992 |a RBX 
999 |c 2777848  |d 2779778